000 00332 a2200109 4500
001 ART_50164
005 20260410162007.0
008 260409a
245 1 0 _aLa hipervulnerabilidad del consumidor fumador
100 1 _aRomero, Luis E.
773 0 _tTemas de derecho civil
_g- Año 5, N° 11 (nov. 2019)
_wREV34778
999 _c31843
_d31843